Normal view
MARC view
- Zahra Mahmood-sup-Dr. Saadia Zahid
Entry Personal Name
001 - CONTROL NUMBER
- control field: 28834
003 - CONTROL NUMBER IDENTIFIER
- control field: NUST
005 - DATE AND TIME OF LATEST TRANSACTION
- control field: 20200307204929.0
008 - FIXED-LENGTH DATA ELEMENTS
- fixed length control field: 200307|| aca||aabn | a|a d
040 ## - CATALOGING SOURCE
- Original cataloging agency: NUST
- Transcribing agency: NUST
100 ## - HEADING--PERSONAL NAME
- Personal name: Zahra Mahmood-sup-Dr. Saadia Zahid
670 ## - SOURCE DATA FOUND
- Source citation: Work cat.: (NUST)479998: Zahra Mahmood-sup-Dr. Saadia Zahid, Th-mphil-The unfolded protein response and cellular toxicity: Implications in Neurodegeneration
